Judith, Juliana, and Elene (Record no. 161025)
[ view plain ]
| 000 -LEADER | |
|---|---|
| fixed length control field | 02279nam a2200529 a 4500 |
| 082 04 - DEWEY DECIMAL CLASSIFICATION NUMBER | |
| Classification number | 829/.1 |
| 100 1# - MAIN ENTRY--AUTHOR NAME | |
| Personal name | Nelson, Marie. |
| 245 10 - TITLE STATEMENT | |
| Title | Judith, Juliana, and Elene |
| 260 ## - PUBLICATION, DISTRIBUTION, ETC. (IMPRINT) | |
| Place of publication | New York : |
| Name of publisher | Peter Lang, |
| Year of publication | c1991. |
| 300 ## - PHYSICAL DESCRIPTION | |
| Number of Pages | ix, 209 p. |
| 490 1# - SERIES STATEMENT | |
| Series statement | American university studies. Series IV, English language and literature, |
| 500 ## - GENERAL NOTE | |
| General note | Three Anglo-Saxon poems translated freely into modern English along with the parallel Anglo-Saxon texts and Afterword essays. |
| 650 #0 - SUBJECT ADDED ENTRY--TOPICAL TERM | |
| Topical Term | Christian poetry, English (Old) |
| Topical Term | Christian poetry, English (Old) |
| Topical Term | Christian women saints |
| Topical Term | Women and literature |
| Topical Term | Civilization, Anglo-Saxon, in literature. |
| Topical Term | Civilization, Medieval, in literature. |
| Topical Term | Christian women saints |
| 700 0# - ADDED ENTRY--PERSONAL NAME | |
| Personal name | Cynewulf. |
| Personal name | Cynewulf. |
| 856 40 - ELECTRONIC LOCATION AND ACCESS | |
| Uniform Resource Identifier | http://site.ebrary.com/lib/rucke/Doc?id=10670608 |
No items available.
